00521nam a2200193 a 4500001001300000003000900013005001700022008004100039020002300080082001700103100002600120245002900146260003800175300000900213500003500222505002000257650002400277700002600301nice12345678IN_TiNIC20260116012305.0080421s1989 dela grp 000 0 eng  a8120202643 c25000a230.046bENG aEngineer, Ashghar Ali aReligion Andf Liberation aDelhibAjanta Publications c1989 a239p aincludes index and biblioraphy2 aAppendix, Index aLiberation-Theology1 aEngineer, Ashghar Ali